| 000 | 01020nam a2200301Ia 4500 | ||
|---|---|---|---|
| 003 | OSt | ||
| 005 | 20221006153613.0 | ||
| 006 | a|||||r|||| 00| 0 | ||
| 007 | ta | ||
| 008 | 221006b |||||||| |||| 00| 0 eng d | ||
| 024 | _a32,831 | ||
| 037 | _cDissertations | ||
| 040 |
_aEASL _cEASL _beng |
||
| 041 |
_2eng _aeng |
||
| 082 | _a0000134 | ||
| 100 |
_aSahu Netrananda _9389037 |
||
| 110 |
_aDelhi University. Social Sciences. East Asian Studies (Delhi India) _9662442 |
||
| 245 | 0 |
_aPopulation control and industrial development _b A comparison of the Tokyo-Yokohama region in Japan and national capital territory of India G. Balatchandirane |
|
| 260 | _c2007 | ||
| 300 |
_a146p. _ccm. |
||
| 490 | _v Dis | ||
| 650 | _a Diss | ||
| 650 |
_a Japan - Industries _9660398 |
||
| 650 |
_aJapan - Pollution control _9664646 |
||
| 700 |
_aDelhi University. Social Sciences. East Asian Studies (Delhi India) _9662443 |
||
| 942 |
_h0000134 _cDIS _2CC |
||
| 999 |
_c1100917 _d1100917 |
||